| 000 | 00739nam a2200217Ii 4500 | ||
|---|---|---|---|
| 003 | JO-AjNU | ||
| 008 | 230605s9999||||xx |||||||||||||| ||und|| | ||
| 017 | _a1998/7661 | ||
| 020 | _a977-01-5690-6 | ||
| 040 |
_aJO-AjNU _bara _erda _cJO-AjNU |
||
| 041 | _aara | ||
| 050 | 1 | 4 | _aQC64.R42.D3812 1998 |
| 100 | 3 |
_aديفينز ، بول/ م مشارك جون جربين, _eauthor _913786 |
|
| 245 | 0 | 0 | _aاسطورة المادة صورة المادة في الفيزباء الحديثة |
| 264 | 3 | 1 | _aالقاهرة :الهيئة المصرية العامة ، 1998 |
| 300 | _a255ص | ||
| 336 |
_atext _btxt _2rdacontent |
||
| 337 |
_aunmediated _bn _2rdamedia |
||
| 338 |
_avolume _bnc _2rdacarrier |
||
| 650 | 4 |
_aالفيزياء _913787 |
|
| 999 |
_aA3522 _c7090 _d7090 |
||